000 00320nam a2200121Ia 4500
008 210430s9999 xx 000 0 und d
082 _a620.1 S7741 S
100 _aA.K.Srivastava
_954159
245 _aStrength of Materials
_cA.K.Srivastava
260 _aIndia
_bPrentice-Hall
_c2007
300 _a234p
942 _cBK
_2ddc
999 _c564635
_d564635